000 00648nam a22001935i 4500
001 158123
003 ES-MaACL
005 20250724063421.0
008 960320s1886 sp |||| | glg d
040 _aGA
_bspa
_cCCPB | SIC
100 1 _aLosada, Benito,
_d1824-1891
_9129085
245 1 0 _aSoazes d'un vello
_b: poesías gallegas /
_cBenito Losada.
260 _aLa Coruña :
_bLatorre y Martinez,
_c1886 (
_fImprenta de La Voz de Galicia)
300 _a257 p. ;
_c19 cm.
490 1 _aBiblioteca gallega ;
_v5
830 0 _aBiblioteca gallega ;
_v5
_9180864
852 _aES-MaACL
_jG-9200
_z-- Enc. pasta
999 _c158123
_d158123